| 000 | 00791cab a22001935a 4500 | ||
|---|---|---|---|
| 001 | L158454 | ||
| 008 | 150305e20150228xxk 000 0 eng d | ||
| 035 | _a(Sirsi) u158454 | ||
| 041 | 0 | _aeng | |
| 100 | 1 | _aCursham, Will | |
| 245 | 0 | 0 | _aNeighbourly support |
| 260 | _c2015 | ||
| 490 |
_aEstates Gazette _v(1508) 28 February 2015 |
||
| 520 | _aExplains the right to support and courses of action that may be available if it is undermined. A right to support from adjacent land is a right not to have your land appreciably affected by something done on adjacent land. It does not prevent an adjacent owner from doing things to its land, as long as those things do not damage your land. | ||
| 590 | _aKA | ||
| 690 |
_aLand use _96251 |
||
| 690 |
_aProperty management _96262 |
||
| 942 | _n0 | ||
| 999 |
_c84602 _d84602 |
||